000 00355nam a2200157Ia 4500
008 230312s9999||||xx |||||||||||||| ||und||
020 _a0743400720
082 _a791.430
_bMAC-S
100 _aShirley Maclaine
245 0 _aCamino
260 _bpocket books
_aUSA
_c2000
300 _a307
546 _aEng.
650 _aLiterature
_vcamino
942 _cBK
999 _c4582
_d4582